Loading...
| MB | 1 | 5 | 3 | 0 | 50 | 51 | 90.67 | 3 | 6 | 0.00 | 0.00 |
| TR | 2 | 3 | 2 | 0 | 50 | 24 | 80.60 | 3 | 5 | 0.00 | 0.00 |
| RC | 1 | 3 | 0 | 0 | 45 | 51 | 95.50 | 4 | 4 | 0.00 | 0.00 |
| AG | 1 | 3 | 1 | 0 | 40 | 65 | 91.25 | 1 | 4 | 0.00 | 0.00 |
| BB | 0 | 3 | 0 | 0 | 30 | 85 | 104.33 | 0 | 3 | 0.00 | 0.00 |
| RR | 0 | 2 | 1 | 0 | 15 | 71 | 85.00 | 0 | 2 | 0.00 | 0.00 |
| AK | 1 | 0 | 0 | 0 | 15 | 15 | 15.00 | 1 | 1 | 0.00 | 0.00 |
| DM | 0 | 1 | 0 | 0 | 10 | 101 | 101.00 | 1 | 1 | 0.00 | 0.00 |
| AR | 0 | 1 | 0 | 0 | 10 | 112 | 112.00 | 0 | 1 | 0.00 | 0.00 |
| AW | 0 | 0 | 1 | 0 | -5 | 0.00 | 0 | 0 | 0.00 | 0.00 |
| AK | New York City | 15 | 15 |
| TR | Sam Bankman-Fried | 15 | 24 |
| TR | South Dakota | -5 | 46 |
| MB | Thessaloniki | 15 | 51 |
| RC | Money: A Suicide Note | 15 | 51 |
| TR | oil | 15 | 59 |
| RR | mayor of New York City | -5 | 62 |
| AG | San Francisco | 15 | 65 |
| TR | beaches | 10 | 66 |
| MB | playing piano | -5 | 69 |